[Event "EU-chT (Men) 15th"]
[Site "Gothenburg"]
[Date "2005.08.07"]
[Round "9.2"]
[White "Sutovsky, Emil"]
[Black "Hracek, Zbynek"]
[Result "1-0"]
[WhiteElo "2674"]
[BlackElo "2591"]
[Annotator "Erenburg,S"]
[PlyCount "138"]
[EventDate "2005.07.30"]
[EventType "team-swiss"]
[EventRounds "9"]
[EventCountry "SWE"]
[SourceTitle "CBM 109"]
[Source "ChessBase"]
[SourceDate "2005.11.14"]
[SourceVersion "1"]
[SourceVersionDate "2005.11.14"]
[SourceQuality "1"]
[WhiteTeam "Israel"]
[BlackTeam "Czech Republic"]
[WhiteTeamCountry "ISR"]
[BlackTeamCountry "CZE"]

{[%mdl 2048]} 1. e4 e5 2. Nf3 Nc6 3. Bb5 a6 4. Ba4 Nf6 5. O-O Be7 6. Re1 b5 7.
Bb3 O-O 8. a4 {In the first round of the same tournament Emil played 8.h3 and
won nice game against Beliavsky. In the last round he prepared another
anti-Marshal theoretical line, which was probably a surprise for a Czech
Grandmaster. Other possibilities are:} (8. h3 Bb7 9. d3 d6 10. a3 {1-0
Sutovsky,E-Beliavsky,A/Gothenburg 2005/CBM 109_01/[Erenburg] (50) .'}) (8. d4
d6 9. c3 Bg4 {1/2-1/2 Kramnik,V-Adams,M/Dortmund 2005/CBM 108_01/[Erenburg] 
(58)}) (8. c3 d5 9. exd5 Nxd5 10. Nxe5 Nxe5 11. Rxe5 c6 {1/2-1/2 Alekseev,
E-Aronian,L/Warsaw 2005/CBM 108_01/[Erenburg] (38)}) 8... b4 {giving up on the
c4 spot, but, declining the tension on the queenside. Black has the following
alternatives:} (8... d5 $6 $146 9. Bxd5 $1 Nxd5 10. exd5 Nd4 11. Nxd4 exd4 12.
axb5 Bb7 13. c4 dxc3 14. dxc3 axb5 15. Rxa8 Bxa8 16. Qd3 Bxd5 17. Qxb5 $16 {
1-0 De Firmian,N-Sokolov,I/Amsterdam 1996/CBM 055/[Wedberg] (40)}) (8... Rb8 9.
axb5 axb5 10. h3 d6 11. c3 b4 12. d3 Bd7 13. d4 Ra8 14. Rxa8 Qxa8 15. Bg5 h6
16. Bh4 Rd8 17. Nbd2 Be8 18. Qc2 $14 {0-1 Fedorov,V-Onischuk,A/Germany 1994/
GER-chT2 (99)}) (8... Bb7 9. d3 Re8 10. Na3 Bxa3 11. bxa3 d5 $1 {1-0 Ivanchuk,
V-Adams,M/Linares 2002/CBM 088/[Ftacnik] (50)}) 9. d3 {Other attempts to fight
for an advantage are:} (9. c3 d5 $5 10. exd5 Nxd5 11. Nxe5 Nxe5 12. Rxe5 c6 13.
d4 Bd6 14. Re1 Qh4 15. g3 Qh3 16. Be3 Bg4 17. Qd3 bxc3 $1 $13 {1-0 Topalov,
V-Sokolov,I/Linares 1995/CBM 046/[Topalov] (38)}) (9. d4 Nxd4 10. Nxd4 exd4 11.
e5 Ne8 12. Qxd4 Bb7 13. Bf4 $146 c5 14. Qe3 d5 15. exd6 Bxd6 16. Nd2 Qc7 $11 {
1/2-1/2 Grischuk,A-Beliavsky,A/Tripoli (m/1) 2004/ (37)}) 9... d6 {[%cal Yc6a5]
protecting the e5 pawn, thus, liberating the queenside knight for maneouvres.}
10. a5 $1 {fixing black's a6 pawn, and, robbing the a5 square from black's
queenside knight.} (10. Nbd2 Na5 11. Ba2 Be6 12. Bxe6 fxe6 13. c3 bxc3 14. bxc3
Rb8 15. Qe2 Nh5 16. g3 Qe8 17. Ba3 Nb3 18. Ra2 Nxd2 {1/2-1/2 Adams,M-Leko,P/
Linares ESP 2005/The Week in Chess 538 (18)}) 10... Be6 11. Nbd2 Bxb3 (11...
Qc8 12. Bc4 h6 13. h3 Re8 14. b3 Bf8 15. Bb2 Qd7 16. Qe2 Bxc4 17. Nxc4 g6 18.
Nh2 Bg7 19. Ng4 Nh7 20. Nge3 $14 {1-0 Akopian,V-Svidler,P/GMA, Wijk aan Zee
NED 2004 (48)}) (11... Rb8 12. Nc4 h6 13. c3 bxc3 14. bxc3 Nd7 15. Ba4 Na7 16.
Be3 Nb5 17. Qc2 f5 18. exf5 Bxf5 19. Ncd2 c5 20. Bb3+ Kh7 21. Ne4 Bg6 22. Ng3
Nc7 23. Qd1 d5 $11 {1-0 Shirov,A-Almasi,Z/Calvia ESP 2004/The Week in Chess
521 (44)}) 12. Nxb3 {Now white is ready to carry out the d3-d4 breakthrough.
Therefore, black prevents this with} d5 (12... Re8 13. h3 h6 14. Bd2 Bf8 15.
Nh2 Nd7 16. Ng4 Nc5 17. Nxc5 dxc5 18. Ne3 Rb8 19. Nc4 Be7 20. Be3 $14 {1-0
Lobron,E-Naiditsch,A/GMB Wijk aan Zee NED 2004/The Week in Chess 480 (59)}) 13.
Bg5 d4 $146 {The main drawback of this move is that white gets the c4 spot for
the knights, and black remains with dark-squared bishop, when almost all his
pawns are located on the dark squares...} (13... Rc8 14. Bh4 d4 15. Bxf6 Bxf6
16. Nfd2 g6 17. Nc4 Bg7 18. g3 Rb8 19. Qg4 h5 20. Qh3 Rb5 21. Re2 Nb8 22. Rf1
Nd7 23. Kh1 Nf6 24. f3 {1/2-1/2 Dimitrov,V-Hernandez,H/Vilagarcia de Arousa
ESP 2005/The Week in Chess 554 (24)}) (13... h6 14. Bxf6 Bxf6 15. Nbd2 Re8 16.
Qe2 Rb8 17. exd5 Qxd5 18. Qe4 Rb5 19. Nc4 Rd8 20. b3 Nxa5 21. Nxa5 (21. Ncxe5
$142 Re8 22. Qxd5 Rxd5 23. Ng4 $14) 21... Rxa5 22. Qxb4 Rxa1 23. Rxa1 Qc6 24.
Ne1 e4 $15 {1-0 Grischuk,A-Tkachiev,V/Prague 2002/CBM 089 (50)}) (13... Re8 14.
Qe2 h6 15. Bxf6 Bxf6 16. exd5 Qxd5 17. Qe4 Rad8 18. Nfd2 g6 19. Qxd5 Rxd5 20.
Re4 Bg5 21. Rc4 Nxa5 22. Rxa5 Rxa5 23. Nxa5 Bxd2 24. Nb3 Bg5 25. Rxb4 $14 {
1-0 Grischuk,A-Tkachiev,V/Prague 2002/CBM 089 (54)}) ({Black doesn't equalize
after} 13... dxe4 14. Bxf6 (14. dxe4 Qxd1 15. Raxd1 Rfd8 16. Bxf6 Bxf6 17. Rd5
$14) 14... exf3 15. Bxe7 Qxe7 16. Qxf3 Qd6 17. Re4 $14) 14. Bxf6 $1 {[%mdl 4]
Great strategical decision. Now black will face seroius problems with his
dark-squared bishop.} Bxf6 15. Nfd2 {transfering the knight to c4.} g6 16. Nc4
Rb8 {Black transfers the rook to b5 in order to cover the 5-th rank' squares,
including the c5 spot.} 17. f4 $1 {[%mdl 548] White cannot lose the time:} (17.
Qg4 Bg5 $1 {[%cal Yf7f5,Yb8b5] and now black's position isn't bad at all:} 18.
Nc5 Rb5 19. Nxa6 Be7 {[%csl Ra6][%cal Gf7f5,Yd8c8]}) 17... exf4 {Black has to
take on f4, otherwise, white will continue to push forward his kingside pawns:}
(17... Rb5 18. f5 $36 {[%cal Yd1g4,Ye1f1]} (18. Qf3 exf4 19. Qxf4 Ne5)) 18. e5
{Emil sacrificed the pawn, but he got many positional pluses, like the long
diagonal (f3-a8) for the queen, the e4 spot for the rook, and strong e5 pawn.}
Bh4 19. Re4 $44 Rb5 20. Qf3 {threatening with the capture on f4 with the queen.
} Bg5 {protecting the f4 pawn. The material advantage is the only black's hope
in this position...} 21. Rae1 Re8 22. e6 $1 f5 (22... fxe6 23. Rxe6 Rxe6 24.
Rxe6 Nb8 25. Qe4 Kf7 26. Nxd4 $18) ({Worth consideration:} 22... f6 $5 23. e7
Qd7 $1 (23... Rxe7 24. Rxe7 Nxe7 25. Re6 $16) 24. Re6 Rd5 25. Kf1 $13 Ne5 $141
26. Qh3) 23. e7 Qd5 $2 {After this move, probably, white gets an obvious
advantage, almost decisive one...} ({Deserves attention:} 23... Qd7 $142 $5 24.
Re6 Rd5 $13) 24. Re6 Rxe7 (24... Qxf3 25. gxf3 Rxe7 26. Kf1 Rxe6 27. Rxe6 Nb8
28. Nxd4 $16) (24... Nb8 25. Qf2 Nc6 26. h4 $1 Rxe7 27. Rxc6 Rxe1+ 28. Qxe1
Qxc6 29. hxg5 $16) 25. Qxd5 Rxd5 26. Kf1 $1 {protecting the rook.} Bh4 (26...
Rxe6 27. Rxe6 $16) 27. R1e2 Rxe6 28. Rxe6 Ne7 {Other continuations are not
better:} (28... Nb8 29. Re8+ $18) (28... Nd8 29. Rxa6 Kf7 30. Ra8 Nc6 31. a6
Be7 32. a7 Ke6 33. Nca5 $18) (28... Na7 29. Rxa6 Nb5 30. Ra8+ Kf7 31. a6 Be7
32. a7 Ke6 33. Nca5 $18 {[%cal Ya5c6]}) 29. Rxa6 Rd8 $1 {covering the eigth
rank. It is the only way to stop white's passed pawn.} 30. Re6 $6 (30. Ra7 $2
Re8 $1 $132 {[%cal Ge7c6,Ge8e1,Yh4e1]}) ({Stronger was} 30. Ke2 $5 Re8 31. Kf3
Nd5 32. Nxd4 Re1 33. g3 $16) 30... Nd5 $6 (30... Kf7 {gives black more chances:
} 31. Nc5 $36 {[%cal Gc4e5]}) 31. Nxd4 $16 {White won back the sacrificed pawn,
and now thanks to more active pieces and passed "a" pawn, he has an obvious
advantage.} Ra8 (31... Ne3+ 32. Nxe3 Rxd4 33. a6 (33. Nc4 $16) 33... Kf7 34. a7
Rd8 35. Ra6 $16 {/+-}) 32. Re5 {driving away the knight from central position.}
Ne3+ (32... Nf6 33. Ne6 Ng4 34. Nxc7 $18) 33. Nxe3 Bf6 (33... fxe3 34. Nc6 $16)
34. Rb5 $6 ({Probably,} 34. Nc4 {was simplier} Bxe5 35. Nxe5 Rxa5 36. Nec6 $16
{/+-}) 34... fxe3 (34... Bxd4 35. Nc4 $16 {/+-} (35. Nd5 Bxb2 36. Nxc7 Rc8 37.
Nd5 Rxc2 {with some chances for black.})) 35. Nc6 Kf7 (35... Bxb2 36. Rb8+ $18)
36. Ke2 (36. Rxb4 Ra6 37. Rc4 $16) 36... Bxb2 37. Rxb4 Ba3 38. Rb8 (38. Ra4 {
was logical alternative:} Bc5 39. d4 Bd6 40. a6 $16) 38... Ra6 39. Ne5+ {
transfering the knight to c4.} Ke6 40. Nc4 Bd6 (40... Bc5 41. c3 {[%cal Yd3d4]}
f4 42. g3 g5 43. Rh8 $16) 41. Re8+ Kf7 ({Probably, more resistant was} 41...
Kf6 {, but, the position favours white anyway:} 42. Rxe3 (42. g3 Bb4 43. Re5 c5
44. Kxe3 Rxa5) 42... Bb4 $1 43. Re5 c5 44. d4 $1 cxd4 (44... Bxa5 45. Rxc5 $16
{/+-}) 45. Rb5 $18) 42. Rxe3 Bxh2 (42... Bb4 {loses as well:} 43. d4 c5 (43...
Bxa5 44. Ra3 Re6+ 45. Ne5+ $18) 44. d5 $18) 43. Rh3 Bd6 44. Rxh7+ Kf6 45. c3 {
covering the b4 square.} g5 46. Rh6+ {forcing the black king to move to more
passive position.} Kg7 47. Rh1 Kf6 48. Rh6+ Kg7 49. Rh1 Kf6 50. Ke3 {
activating the king.} Bf8 (50... Ke6 51. Rh5 g4 52. d4 Ra8 53. Rh6+ $18) 51. d4
Rc6 52. Ra1 Ra6 (52... Rxc4 53. a6 Rc6 54. a7 Re6+ 55. Kd3 Re8 56. a8=Q Rxa8
57. Rxa8 $18) 53. Ne5 {transfering the knight to b4 via d3.} Bd6 54. Nd3 Ke6
55. Nb4 Ra8 (55... Bxb4 56. cxb4 c6 57. Kd3 Ra7 (57... Kd5 58. Re1 $18) 58. Kc4
$18) 56. a6 c5 57. Nd3 cxd4+ 58. Kxd4 $18 {White is a pawn up, he has two
passed pawns and his pieces are consolidated better, than the black's ones...
The rest is an easy job for white.} Bb8 59. c4 g4 60. Kc5 Bd6+ 61. Kb6 Rb8+ 62.
Kc6 Rc8+ 63. Kb6 Rb8+ 64. Ka5 Bc7+ 65. Ka4 {White's "a" pawn is unstoppable.}
Bb6 (65... f4 66. a7 Ra8 67. Kb5 Kd7 68. Ka6 $18) 66. Rb1 {forcing to change
the rooks.} Ba7 67. Rxb8 Bxb8 68. Kb5 Kd7 69. Kb6 f4 (69... f4 70. Nxf4 (70.
Kb7 $18) 70... Bxf4 71. a7 Be3+ 72. c5 $18) 1-0

[Event "Dortmund SuperGM 33rd"]
[Site "Dortmund"]
[Date "2005.07.17"]
[Round "9"]
[White "Svidler, Peter"]
[Black "Naiditsch, Arkadij"]
[Result "1/2-1/2"]
[WhiteElo "2738"]
[BlackElo "2612"]
[Annotator "Erenburg,S"]
[PlyCount "41"]
[EventDate "2005.07.07"]
[EventType "tourn"]
[EventRounds "9"]
[EventCountry "GER"]
[EventCategory "19"]
[SourceTitle "CBM 108"]
[Source "ChessBase"]
[SourceDate "2005.09.26"]
[SourceVersion "1"]
[SourceVersionDate "2005.09.26"]
[SourceQuality "1"]

1. e4 e5 2. Nf3 Nc6 3. Bb5 a6 4. Ba4 Nf6 5. O-O Be7 6. Re1 b5 7. Bb3 O-O 8. d4
Nxd4 $5 {Rare continuation. Usually Black reacts with 8...d6, which transforms
the game to C91 lines.} (8... d6 9. c3 Bg4 10. Be3 {strengthening the centre.}
exd4 11. cxd4 Na5 {transfering the knight to c4.} 12. Bc2 Nc4 13. Bc1 c5 14. b3
{throwing away the knight from active position, as well as preparing to
fianchettoe the dark-squared bishop.} Nb6 {See commented game 1/2-1/2 Kramnik,
V-Adams,M/Dortmund 2005/CBM 108_01/[Erenburg] (58)}) (8... exd4 {gives White
too many possibilities:} 9. e5 Ne8 10. Bd5 Bb7 11. Nxd4 Nxd4 12. Bxb7 Ra7 13.
Qxd4 Rxb7 14. Nc3 d6 15. Qe4 Qc8 16. Qc6 dxe5 17. Nd5 Bd6 18. a4 Rb8 19. Rxe5
Qd8 20. Rf5 Qh4 21. Bf4 bxa4 22. Re1 Rxb2 23. Qxe8 g6 24. Bxd6 cxd6 25. Ne7+
Kg7 26. Rxf7+ {1-0 Tseshkovsky,V-Stambulian,A/Krasnodar 2002/CBM 091 ext (26)})
9. Nxd4 (9. Nxe5 {shouldn't be a good move.} Nxb3 10. axb3 Bb7 {and only Black
can be better.}) 9... exd4 10. e5 ({Of course not} 10. Qxd4 $2 c5 $19 {[%cal
Gc5c4]}) 10... Ne8 11. Qxd4 ({Another interesting attempt to fight for an
advantage is} 11. c3 {, but after} d5 12. cxd4 c6 13. Bc2 g6 14. Bh6 Ng7 15.
Nd2 f6 16. exf6 Bxf6 {Black equalizes:} 17. Nb3 Bg5 18. Bxg5 Qxg5 19. Qd2 Qxd2
20. Nxd2 Bf5 $11 {1/2-1/2 Short,N-Beliavsky,A/Warsaw POL 2004/The Week in
Chess 528 (46)}) 11... Bb7 {covering the long diagonal. Now White has to move
the queen from d4.} (11... c5 {is already met by} 12. Qe4) 12. Qg4 (12. c4 $5 {
seems as one of the most logical continuations.} bxc4 13. Qxc4 d5 14. exd6 Nxd6
15. Qg4 {and White's position is slightly better, thanks to a superior pawn
structure:} Bf6 16. Nc3 Re8 17. Bf4 $14 {1-0 Arakhamia,K-Hebden,M/ch-GBR,
Scarborough ENG 2004 (50)}) 12... c5 $146 {threatening with c5-c4 advance.} ({
Black easily eqaulized after} 12... d6 13. Bf4 c5 14. c4 dxe5 15. Bxe5 b4 16.
Bc2 g6 17. Rd1 Qb6 {1/2-1/2 Timofeev,A-Khalifman,A/Sochi RUS 2005/The Week in
Chess 547 (17)}) 13. c3 {preparing the c2 square for the bishop.} d6 {
intending to get a symetrical pawn structure.} 14. exd6 {Other continuations
are not better:} ({Dubious is} 14. e6 d5 15. Bc2 (15. exf7+ Rxf7 $15) 15... Nf6
16. Qh3 Bc8 $15) (14. Bf4 dxe5 15. Bxe5 Nf6 16. Qg3 Re8 $15) 14... Bxd6 $11 {
Black has got a symmetrical pawn structure. His pieces are located not worse,
than the White ones. Therefore, the position is equal.} ({In my opinion,} 14...
Nxd6 {equalizes as well:} 15. Bf4 (15. Bh6 Bf6 16. Bf4 Qc8 $11) 15... Qc8 16.
Qh5 Qc6 17. f3 Rae8 18. Nd2 $11) 15. Bg5 Nf6 ({Less clear is} 15... Qc7 16. Kh1
Qc6 17. Nd2 $13 {with some chances for white to get an advantage, due to
black's misplaced knight on e8.}) 16. Qh4 h6 {forcing White to exchange his
dark-squared bishop.} 17. Bxf6 Qxf6 18. Qxf6 gxf6 {In spite of White's
superior pawn structure, Black compensates it with a bishops pair.} 19. Nd2
Rfe8 20. Bc2 Rad8 21. Ne4 {The opponents agreed for a draw, in view of the
following variation:} ({After} 21. Ne4 {the easiest way to get a draw in this
position is} Bxe4 22. Bxe4 Bc7 $11) 1/2-1/2